Novela Zákonníka práce účinná od 1. novembra 2022

Príspevok obsahuje prehľad a výklad najdôležitejších zmien, ktoré zákon č. 350/2022 Z. z. zaviedol a ktoré sa v praxi aplikujú od 1. 11. 2022. Ide o rozsiahlejšiu novelu týkajúcu sa napr. otcovskej dovolenky, výkonu inej zárobkovej činnosti, obsahu pracovnej zmluvy, doručovania v pracovnoprávnych vz...

Ausführliche Beschreibung

Gespeichert in:
Bibliographische Detailangaben
1. Verfasser: Mičudová, Tatiana
Format: Buchkapitel
Sprache:Slowakisch
Schlagworte:
Tags: Tag hinzufügen
Keine Tags, Fügen Sie das erste Tag hinzu!

MARC

LEADER 00000naa a2200000 4500
001 0290748
005 20240417075224.1
041 0 |a slo 
044 |a SK 
245 1 0 |a Novela Zákonníka práce účinná od 1. novembra 2022  |c Tatiana Mičudová 
520 |a Príspevok obsahuje prehľad a výklad najdôležitejších zmien, ktoré zákon č. 350/2022 Z. z. zaviedol a ktoré sa v praxi aplikujú od 1. 11. 2022. Ide o rozsiahlejšiu novelu týkajúcu sa napr. otcovskej dovolenky, výkonu inej zárobkovej činnosti, obsahu pracovnej zmluvy, doručovania v pracovnoprávnych vzťahoch a podobne. 
610 2 0 |a zákonník práce 
610 2 0 |a novelizácia 
610 2 0 |a zmluvy pracovné 
610 2 0 |a pomer pracovný 
610 2 0 |a dovolenka materská 
610 2 0 |a dovolenka rodičovská 
610 2 0 |a podmienky pracovné 
610 2 0 |a zamestnanci 
610 2 0 |a informácie 
100 1 |a Mičudová, Tatiana